[Event "Warsaw YMCA Autumn-A 266th"]
[Site "Warsaw"]
[Date "2022.09.30"]
[Round "8"]
[White "Moskwinski, Marek"]
[Black "Nocek, Dominik"]
[Result "0-1"]
[WhiteElo "1858"]
[BlackElo "1627"]
[PlyCount "76"]
[EventDate "2022.09.30"]
[EventType "tourn"]
[EventRounds "13"]
[EventCountry "POL"]
[SourceTitle "EXT 2024"]
[Source "ChessBase"]
[SourceDate "2023.10.10"]
[SourceVersion "1"]
[SourceVersionDate "2023.10.10"]
[SourceQuality "1"]

1. e4 e5 2. Nf3 Nc6 3. Bc4 Nf6 4. d3 Bc5 5. c3 a6 6. 0-0 Ba7 7. Bb3 d6 8. Nbd2 h6 9. h3 g5 10. Nc4 g4 11. hxg4 Bxg4 12. Ne3 Qd7 13. Nd5 Nxd5 14. Bxd5 0-0-0 15. Be3 Bb6 16. Bxc6 bxc6 17. Qa4 Bxf3 18. Qxa6+ Kb8 19. Bxb6 cxb6 20. Qxb6+ Kc8 21. Qa6+ Kb8 22. Qb6+ Ka8 23. Rfc1 Rhg8 24. c4 Rxg2+ 25. Kf1 Rdg8 26. Ke1 Qb7 27. Qa5+ Qa7 28. Qxa7+ Kxa7 29. Kd2 Rxf2+ 30. Ke3 Rgg2 31. Rf1 Rxf1 32. Rxf1 Bh5 33. d4 Rg3+ 34. Kd2 exd4 35. Rf6 Rg2+ 36. Kd3 c5 37. Rxd6 Bd1 38. Rxh6 Bc2# 0-1

[Event "Warsaw YMCA Autumn-A 266th"]
[Site "Warsaw"]
[Date "2022.09.30"]
[Round "3"]
[White "Nocek, Dominik"]
[Black "Milczarek, Robert"]
[Result "1-0"]
[WhiteElo "1627"]
[BlackElo "1584"]
[PlyCount "62"]
[EventDate "2022.09.30"]
[EventType "tourn"]
[EventRounds "13"]
[EventCountry "POL"]
[SourceTitle "EXT 2024"]
[Source "ChessBase"]
[SourceDate "2023.10.10"]
[SourceVersion "1"]
[SourceVersionDate "2023.10.10"]
[SourceQuality "1"]

1. e4 c5 2. Nf3 d6 3. d4 cxd4 4. Nxd4 Nf6 5. Nc3 a6 6. g3 g6 7. Bg2 Bg7 8. 0-0 0-0 9. h3 Nc6 10. Be3 Rb8 11. Nd5 Nd7 12. c4 Nde5 13. b3 Nxd4 14. Bxd4 b5 15. cxb5 axb5 16. f4 Nc6 17. Bxg7 Kxg7 18. Qd2 b4 19. Rfc1 Bd7 20. Kh2 e5 21. Rc4 Qa5 22. fxe5 dxe5 23. Rf1 Qd8 24. Nxb4 Nd4 25. Rxd4 exd4 26. Qxd4+ f6 27. e5 Be6 28. exf6+ Rxf6 29. Qa7+ Qd7 30. Qxb8 Rxf1 31. Bxf1 Qd2+ 1-0

[Event "Warsaw YMCA Autumn-A 266th"]
[Site "Warsaw"]
[Date "2022.09.30"]
[Round "12"]
[White "Nocek, Dominik"]
[Black "Moskwinski, Marek"]
[Result "0-1"]
[WhiteElo "1627"]
[BlackElo "1858"]
[PlyCount "92"]
[EventDate "2022.09.30"]
[EventType "tourn"]
[EventRounds "13"]
[EventCountry "POL"]
[SourceTitle "EXT 2024"]
[Source "ChessBase"]
[SourceDate "2023.10.10"]
[SourceVersion "1"]
[SourceVersionDate "2023.10.10"]
[SourceQuality "1"]

1. e4 c6 2. d4 d5 3. e5 Bf5 4. h4 h6 5. g4 Bg6 6. e6 fxe6 7. Bd3 Bf7 8. Nf3 Nd7 9. g5 hxg5 10. Nxg5 Ngf6 11. Qe2 Qb6 12. Nxe6 Bxe6 13. Qxe6 Qxd4 14. Bg6+ Kd8 15. Nc3 Qe5+ 16. Qxe5 Nxe5 17. Bf5 Rxh4 18. Rxh4 Nf3+ 19. Ke2 Nxh4 20. Bd3 e6 21. Bg5 Nf5 22. Bxf5 exf5 23. Bxf6+ gxf6 24. Kf3 Bd6 25. Rh1 Rc8 26. Rh5 Be5 27. Rxf5 Bxc3 28. bxc3 Ke7 29. Rh5 Rc7 30. Kf4 Ke6 31. Rh8 a6 32. a4 Re7 33. Rf8 Rh7 34. a5 Rh3 35. Rb8 Rxc3 36. Rxb7 Rxc2 37. Rb6 Rxf2+ 38. Ke3 Rc2 39. Rxa6 Kd6 40. Ra8 Ra2 41. a6 Ra3+ 42. Kf4 Kc7 43. Kf5 Kb6 44. Rb8+ Ka7 45. Rc8 Rxa6 46. Kxf6 Kb6 0-1

[Event "Warsaw Najdorf Memorial op-B"]
[Site "Warsaw"]
[Date "2022.07.12"]
[Round "4"]
[White "Jaroszuk, Marcin"]
[Black "Nocek, Dominik"]
[Result "1/2-1/2"]
[WhiteElo "1476"]
[BlackElo "1682"]
[PlyCount "76"]
[EventDate "2022.07.09"]
[EventType "swiss"]
[EventRounds "9"]
[EventCountry "POL"]
[SourceTitle "CBM 209 Extra"]
[Source "ChessBase"]
[SourceDate "2022.09.30"]
[SourceVersion "1"]
[SourceVersionDate "2022.09.30"]
[SourceQuality "1"]

1. Nf3 Nf6 2. d4 g6 3. g3 Bg7 4. Bg2 0-0 5. 0-0 c5 6. c4 cxd4 7. Nxd4 Nc6 8. Nc3 Nxd4 9. Qxd4 d6 10. Qh4 Rb8 11. Bh6 Be6 12. Bxg7 Kxg7 13. Qd4 Kg8 14. Rac1 a6 15. Rfd1 b5 16. cxb5 axb5 17. b3 Qa5 18. e4 b4 19. Nd5 Bxd5 20. exd5 Qxa2 21. Re1 Rb7 22. Re3 Qa7 23. Qc4 Rfb8 24. Bf3 Rb5 25. Qc7 Qxc7 26. Rxc7 Nxd5 27. Bxd5 Rxd5 28. Rexe7 Rf5 29. Rb7 Rc8 30. Rxb4 Rc1+ 31. Kg2 Rc2 32. Rf4 Rxf4 33. gxf4 Rb2 34. Rd7 Rxb3 35. Rxd6 Rb4 36. Kg3 Rb3+ 37. Kg2 Kg7 38. Rd5 Kf6 1/2-1/2

[Event "Warsaw Najdorf Memorial op-B"]
[Site "Warsaw"]
[Date "2022.07.10"]
[Round "2"]
[White "Wnuk, Piotr1111"]
[Black "Nocek, Dominik"]
[Result "1/2-1/2"]
[WhiteElo "1412"]
[BlackElo "1682"]
[PlyCount "62"]
[EventDate "2022.07.09"]
[EventType "swiss"]
[EventRounds "9"]
[EventCountry "POL"]
[SourceTitle "CBM 209 Extra"]
[Source "ChessBase"]
[SourceDate "2022.09.30"]
[SourceVersion "1"]
[SourceVersionDate "2022.09.30"]
[SourceQuality "1"]

1. f4 Nf6 2. Nf3 g6 3. b3 Bg7 4. Bb2 0-0 5. e3 c5 6. Be2 Nc6 7. 0-0 b6 8. h3 d5 9. d3 Bb7 10. Nbd2 Ng4 11. hxg4 Bxb2 12. Rb1 Bg7 13. a3 Qd7 14. Nh2 e6 15. Ndf3 Rae8 16. d4 cxd4 17. exd4 Qd6 18. Ne5 f6 19. Nxc6 Bxc6 20. a4 Rc8 21. Qd2 Bd7 22. Nf3 Rc7 23. Ba6 Bc8 24. Bd3 Bd7 25. Ba6 Qc6 26. Bd3 Qc3 27. Qxc3 Rxc3 28. Rbe1 Kf7 29. Re2 Rb8 30. Ra1 a5 31. g5 f5 1/2-1/2

[Event "POL-chT U18 1st"]
[Site "Poland"]
[Date "2022.06.25"]
[Round "1.3"]
[White "Ugorek, Kacper"]
[Black "Nocek, Dominik"]
[Result "0-1"]
[WhiteElo "1810"]
[BlackElo "1675"]
[PlyCount "126"]
[EventDate "2022.06.25"]
[EventType "team-swiss"]
[EventRounds "9"]
[EventCountry "POL"]
[SourceTitle "EXT 2023"]
[Source "ChessBase"]
[SourceDate "2022.10.05"]
[SourceVersion "1"]
[SourceVersionDate "2022.10.05"]
[SourceQuality "1"]
[WhiteTeam "Kalisz KTS"]
[BlackTeam "Warszawa Polonia"]
[WhiteTeamCountry "POL"]
[BlackTeamCountry "POL"]

1. f4 Nf6 2. g3 g6 3. b3 Bg7 4. Bb2 0-0 5. Bg2 d5 6. Nf3 c5 7. e3 Nc6 8. 0-0 Qc7 9. d3 Rd8 10. Nbd2 Ng4 11. Qc1 Nxe3 12. Re1 Nxg2 13. Kxg2 d4 14. Ne4 b6 15. Qd2 Bb7 16. Qf2 e5 17. Bc1 Re8 18. fxe5 Nxe5 19. Bf4 Qc6 20. Bxe5 Bxe5 21. Re2 Bg7 22. Rae1 Rad8 23. h3 h6 24. Kh2 f5 25. Ned2 b5 26. Qf1 Kf7 27. Qf2 Rxe2 28. Qxe2 Re8 29. Qxe8+ Qxe8 30. Rxe8 Kxe8 31. g4 fxg4 32. hxg4 g5 33. Kg3 Ke7 34. Ne4 Bxe4 35. dxe4 Kf7 36. Ne1 Kg6 37. Nf3 h5 38. Kh3 h4 39. e5 Bf8 40. b4 Be7 41. Kg2 a6 42. Kf1 c4 43. a3 d3 44. cxd3 cxd3 45. Ke1 Kf7 46. Kd2 Ke6 47. Kxd3 Kd5 48. Ke3 Bd8 49. Kd3 Be7 50. Ke3 Bd8 51. Kd3 h3 52. Ke3 Kc4 53. Kf2 Kb3 54. Nd4+ Kxa3 55. Nc6 Bc7 56. Kg3 Bxe5+ 57. Nxe5 Kxb4 58. Nf3 a5 59. Nxg5 a4 60. Nf3 a3 61. Nd4 a2 62. g5 Kc3 63. Nxb5+ Kb2 0-1

[Event "Warsaw YMCA Spring-B 258th"]
[Site "Warsaw"]
[Date "2022.05.11"]
[Round "6"]
[White "Nocek, Dominik"]
[Black "Milczarek, Robert"]
[Result "0-1"]
[WhiteElo "1675"]
[BlackElo "1668"]
[PlyCount "62"]
[EventDate "2022.04.07"]
[EventType "tourn"]
[EventRounds "11"]
[EventCountry "POL"]
[SourceTitle "EXT 2023"]
[Source "ChessBase"]
[SourceDate "2022.10.05"]
[SourceVersion "1"]
[SourceVersionDate "2022.10.05"]
[SourceQuality "1"]

1. e4 c5 2. Nf3 g6 3. d4 cxd4 4. Nxd4 Nc6 5. Be3 Nf6 6. Nc3 Bg7 7. g3 0-0 8. h3 Rb8 9. Bg2 d6 10. 0-0 Nd7 11. Kh2 Nde5 12. Nde2 Nc4 13. Bc1 b5 14. a3 a5 15. b3 b4 16. axb4 axb4 17. bxc4 bxc3 18. f4 Qc7 19. Rf3 Be6 20. Nxc3 Bxc4 21. Ra4 Nd4 22. Re3 Rfc8 23. Bd2 Rb2 24. Rxc4 Qxc4 25. Nd5 Qxc2 26. Qxc2 Rcxc2 27. Nxe7+ Kf8 28. Rc3 Rxc3 29. Bxc3 Nf3+ 30. Kh1 Rb1+ 31. Bf1 Bxc3 0-1

[Event "POL-ch U13 Qual"]
[Site "Jastrzebia Gora"]
[Date "2021.11.21"]
[Round "9"]
[White "Warchol, Kamil"]
[Black "Nocek, Dominik"]
[Result "1-0"]
[WhiteElo "1976"]
[BlackElo "1428"]
[PlyCount "65"]
[EventDate "2021.11.15"]
[EventType "swiss"]
[EventRounds "9"]
[EventCountry "POL"]
[SourceTitle "EXT 2023"]
[Source "ChessBase"]
[SourceDate "2022.10.05"]
[SourceVersion "1"]
[SourceVersionDate "2022.10.05"]
[SourceQuality "1"]

1. e4 e5 2. Nc3 Nf6 3. g3 d5 4. exd5 Nxd5 5. Bg2 Be6 6. Nf3 Nc6 7. 0-0 Be7 8. Re1 Bf6 9. Nxd5 Bxd5 10. d4 Bxf3 11. Bxf3 Nxd4 12. Bxb7 Rb8 13. Be4 0-0 14. c3 Ne6 15. Qc2 g6 16. Be3 c5 17. Rad1 Qb6 18. b3 Rfd8 19. Bd5 Nc7 20. Qe4 Qa5 21. Bc4 Qb6 22. Qf3 Kg7 23. h4 h6 24. b4 Na6 25. a4 e4 26. Qf4 Bxc3 27. Qxf7+ Kh8 28. Bxh6 Nxb4 29. Rxd8+ Rxd8 30. Bg5 Rb8 31. Rxe4 Nc6 32. Re8+ Rxe8 33. Qxe8+ 1-0

[Event "POL-ch U13 Qual"]
[Site "Jastrzebia Gora"]
[Date "2021.11.18"]
[Round "6"]
[White "Nocek, Dominik"]
[Black "Bartnik, Michal"]
[Result "0-1"]
[WhiteElo "1428"]
[BlackElo "1595"]
[PlyCount "74"]
[EventDate "2021.11.15"]
[EventType "swiss"]
[EventRounds "9"]
[EventCountry "POL"]
[SourceTitle "EXT 2023"]
[Source "ChessBase"]
[SourceDate "2022.10.05"]
[SourceVersion "1"]
[SourceVersionDate "2022.10.05"]
[SourceQuality "1"]

1. e4 e5 2. Nf3 Nc6 3. Bb5 a6 4. Ba4 Nf6 5. 0-0 Be7 6. Re1 d6 7. c3 Bg4 8. h3 Bh5 9. d3 0-0 10. Nbd2 b5 11. Bc2 Re8 12. Nf1 Bf8 13. Ng3 Bxf3 14. Qxf3 g6 15. Be3 Bg7 16. d4 Rb8 17. b3 h6 18. Qe2 exd4 19. cxd4 Nb4 20. Bb1 c5 21. a3 cxd4 22. Bxd4 Nc6 23. Bb2 Qb6 24. Qd2 Rbd8 25. Bc2 d5 26. Qf4 Nh5 27. Nxh5 Bxb2 28. Nf6+ Bxf6 29. Qxf6 Re6 30. Qf4 Nd4 31. Bd1 Rf6 32. Qg3 dxe4 33. Rxe4 Nf5 34. Qc3 Rc6 35. Qb2 Rcd6 36. Bc2 Rd2 37. Rf4 Qc7 0-1

[Event "POL-ch U12"]
[Site "Uniejow"]
[Date "2021.07.24"]
[Round "8"]
[White "Andrzejewski, Jakub1111"]
[Black "Nocek, Dominik"]
[Result "0-1"]
[WhiteElo "1447"]
[BlackElo "1322"]
[PlyCount "110"]
[EventDate "2021.07.18"]
[EventType "swiss"]
[EventRounds "9"]
[EventCountry "POL"]
[SourceTitle "EXT 2022"]
[Source "ChessBase"]
[SourceDate "2021.10.06"]
[SourceVersion "1"]
[SourceVersionDate "2021.10.06"]
[SourceQuality "1"]

1. e4 e5 2. Nf3 Nc6 3. c3 Nf6 4. d4 exd4 5. e5 Ng8 6. cxd4 d5 7. Nc3 Bb4 8. Bd3 Nge7 9. 0-0 Bg4 10. Be3 Qd7 11. h3 Bh5 12. a3 Ba5 13. Rc1 Bb6 14. Be2 h6 15. Na4 0-0 16. Nc5 Bxc5 17. Rxc5 f6 18. exf6 Rxf6 19. Ne5 Nxe5 20. dxe5 Bxe2 21. Qxe2 Rg6 22. Kh1 b6 23. Rc2 c5 24. Rd1 Nf5 25. g4 Nxe3 26. Qxe3 Qc6 27. Qf3 Rd8 28. Rcd2 d4 29. Qxc6 Rxc6 30. Kg2 g5 31. Kg3 Rf8 32. Re1 Kf7 33. h4 Ke6 34. hxg5 hxg5 35. b3 Rf4 36. f3 Rc7 37. Rh2 Rcf7 38. Rh6+ Ke7 39. e6 Rg7 40. Rh5 Rf6 41. Re5 Rxe6 42. Rhxg5 Rxg5 43. Rxg5 Re3 44. Rg7+ Kd6 45. Kf2 Rxb3 46. Rxa7 Rb2+ 47. Ke1 c4 48. f4 d3 49. Ra4 d2+ 50. Kd1 c3 51. Rb4 Ra2 52. Rd4+ Kc5 53. Rd8 Kc4 54. g5 Ra1+ 55. Kc2 Rc1# 0-1

[Event "POL-ch U12"]
[Site "Uniejow"]
[Date "2021.07.20"]
[Round "3"]
[White "Nocek, Dominik"]
[Black "Grobelny, Mikolaj"]
[Result "0-1"]
[WhiteElo "1322"]
[BlackElo "1508"]
[PlyCount "92"]
[EventDate "2021.07.18"]
[EventType "swiss"]
[EventRounds "9"]
[EventCountry "POL"]
[SourceTitle "EXT 2022"]
[Source "ChessBase"]
[SourceDate "2021.10.06"]
[SourceVersion "1"]
[SourceVersionDate "2021.10.06"]
[SourceQuality "1"]

1. e4 c5 2. Nf3 e6 3. c3 d5 4. exd5 Qxd5 5. d4 Nf6 6. Be3 Nc6 7. dxc5 Qxd1+ 8. Kxd1 Ng4 9. b4 Nxe3+ 10. fxe3 a5 11. Bb5 Bd7 12. Nd4 0-0-0 13. Nd2 Nxd4 14. Bxd7+ Rxd7 15. exd4 axb4 16. cxb4 Rxd4 17. a3 Be7 18. Ke2 Rhd8 19. Nf3 R4d5 20. Rad1 Bf6 21. Rxd5 Rxd5 22. Rd1 Bb2 23. Rxd5 exd5 24. a4 Ba3 25. Ne5 Bxb4 26. Nxf7 Bxc5 27. Ng5 Kd7 28. Kd3 h6 29. Nf3 Ke6 30. g4 b6 31. h3 Be7 32. Nd4+ Kd7 33. Nf5 Bf6 34. Ng3 Kd6 35. Ne2 Kc5 36. Nf4 g5 37. Ng2 d4 38. Ne1 Kb4 39. Nc2+ Kxa4 40. Ne1 Kb3 41. Nf3 b5 42. Nd2+ Kb2 43. Ne4 Bh8 44. Nd6 b4 45. Nc4+ Ka2 46. Nd2 b3 0-1

[Event "Poronin Tatra Limba op-B"]
[Site "Poronin"]
[Date "2021.05.26"]
[Round "7.17"]
[White "Przybys, Bruno"]
[Black "Nocek, Dominik"]
[Result "1/2-1/2"]
[WhiteElo "1177"]
[BlackElo "1310"]
[PlyCount "94"]
[EventDate "2021.05.22"]
[EventType "swiss"]
[EventRounds "9"]
[EventCountry "POL"]
[SourceTitle "EXT 2022"]
[Source "ChessBase"]
[SourceDate "2021.10.06"]
[SourceVersion "1"]
[SourceVersionDate "2021.10.06"]
[SourceQuality "1"]

1. e4 e5 2. Nf3 Nc6 3. Bb5 a6 4. Ba4 Nf6 5. 0-0 Be7 6. c3 Nxe4 7. Re1 Nf6 8. Bxc6 dxc6 9. Nxe5 0-0 10. d4 Bd6 11. Bg5 h6 12. Bh4 Be7 13. Nd2 Nd5 14. Bxe7 Nxe7 15. Qe2 Nd5 16. c4 Nf6 17. h3 Qxd4 18. Ndf3 Qc5 19. a3 Be6 20. b4 Qb6 21. c5 Qb5 22. Qc2 a5 23. Nd4 Qa6 24. Nxe6 fxe6 25. Ng6 Rfe8 26. Nf4 axb4 27. Nxe6 Re7 28. Qb3 Qa4 29. Qg3 Rae8 30. axb4 Qb5 31. Qb3 Nd5 32. Ra5 Qxb4 33. Qxb4 Nxb4 34. Rb1 b6 35. Ra7 Rxe6 36. Rxb4 bxc5 37. Rc4 R8e7 38. Rxc5 Rd6 39. Ra6 Ree6 40. Ra7 Rd5 41. Rc4 Rd7 42. Ra6 Re1+ 43. Kh2 Re2 44. Raxc6 Rxf2 45. Rxc7 Rxc7 46. Rxc7 Kh7 47. h4 h5 1/2-1/2

[Event "Poronin Tatra Limba op-B"]
[Site "Poronin"]
[Date "2021.05.24"]
[Round "3.12"]
[White "Nocek, Dominik"]
[Black "Kozlowski, Andrzej"]
[Result "0-1"]
[WhiteElo "1310"]
[BlackElo "1565"]
[PlyCount "108"]
[EventDate "2021.05.22"]
[EventType "swiss"]
[EventRounds "9"]
[EventCountry "POL"]
[SourceTitle "EXT 2022"]
[Source "ChessBase"]
[SourceDate "2021.10.06"]
[SourceVersion "1"]
[SourceVersionDate "2021.10.06"]
[SourceQuality "1"]

1. e4 e6 2. d4 d5 3. Nd2 Nf6 4. e5 Ng8 5. Bd3 b6 6. Ndf3 Ba6 7. Ne2 Bxd3 8. Qxd3 Ne7 9. Bg5 Qd7 10. h4 c5 11. c3 Nbc6 12. h5 h6 13. Bd2 a5 14. a4 Rc8 15. g4 cxd4 16. Nexd4 Nxd4 17. Nxd4 Nc6 18. f4 Nxd4 19. cxd4 Be7 20. 0-0 Rc4 21. Be3 Rxa4 22. Rxa4 Qxa4 23. f5 Qc4 24. Qd2 Bb4 25. Qf2 exf5 26. Qxf5 0-0 27. e6 fxe6 28. Qxe6+ Kh8 29. Rxf8+ Bxf8 30. Qe8 Qb4 31. Bf2 Qe7 32. Qa8 Qf7 33. Qb8 Qf3 34. Bg3 Kh7 35. Kh2 Qf6 36. Qe5 Qxe5 37. Bxe5 b5 38. Bf4 a4 39. Bd2 Kg8 40. Kg3 Kf7 41. Kf3 b4 42. Ke2 Ke6 43. Kd3 Be7 44. Be1 Kd7 45. Kc2 Kc6 46. Kd3 Kb5 47. Bd2 a3 48. bxa3 bxa3 49. Kc2 Kc4 50. Be3 Bf6 51. Bc1 Kxd4 52. Bxa3 Ke4 53. Bc1 Kf3 54. Kd3 Kxg4 0-1